|
|
|
|
| LEADER |
02528nam a2200349 u 4500 |
| 001 |
10043341 |
| 003 |
upatras |
| 005 |
20210225085127.0 |
| 008 |
020308m1975 gr gre |
| 040 |
|
|
|a GR-PaULI
|c GR-PaULI
|
| 041 |
0 |
|
|a gre
|
| 082 |
0 |
4 |
|a 363.73
|
| 110 |
|
0 |
|a Ελλάδα
|b Υπουργείο Κοινωνικών Υπηρεσιών
|b Γενική Διεύθυνση Υγιεινής
|9 33255
|
| 245 |
1 |
0 |
|a Πρόγραμμα ελέγχου ρυπάνσεως περιβάλλοντος
|b ενδιάμεσος τεχνική έκθεσις
|c Ελληνική Δημοκρατία, Υπουργείο Κοινωνικών Υπηρεσιών
|
| 260 |
|
|
|a Αθήνα
|b Υπουργείο Κοινωνικών Υπηρεσιών
|c 1975
|
| 300 |
|
|
|a 4 τ.
|b σχήμ., πίν., χάρτες
|c 28 εκ.
|
| 505 |
0 |
|
|a τ.3. Διάθεσις υγρών αποβλήτων και έλεγχος ρυπάνσεως υδάτων - 597 σ. --
|a τ.4. Έλεγχος αστικού θορύβου, διάθεσις απορριμμάτων, έλεγχος ρυπάνσεως ατμόσφαιρας. - ποικ/λη σελ/μηση --
|a τ.2. Ανάπτυξις και εξέλιξης του προγράμματος, νομοθεσία και διοικητική δομή περιβάλλοντος - [127] σ. --
|
| 650 |
|
4 |
|a Ρύπανση περιβάλλοντος
|x Ελεγχος
|9 2189
|
| 650 |
|
4 |
|a Περιβάλλον
|x Μόλυνση
|9 192
|
| 650 |
|
4 |
|a Μόλυνση υδάτων
|9 1658
|
| 650 |
|
4 |
|a Ατμοσφαιρική ρύπανση
|x Μετρήσεις
|9 2445
|
| 650 |
|
4 |
|a Ελεγχος θορύβου
|9 2953
|
| 773 |
0 |
|
|t Διάθεσις υγρών αποβλήτων και έλεγχος ρυπάνσεως υδάτων
|
| 773 |
0 |
|
|t Ανάπτυξις και εξέλιξης του προγράμματος, νομοθεσία και διοικητική δομή περιβάλλοντος
|
| 773 |
0 |
|
|t Έλεγχος αστικού θορύβου, διάθεσις απορριμμάτων, έλεγχος ρυπάνσεως ατμόσφαιρας
|
| 852 |
|
|
|a GR-PaULI
|b ΠΑΤΡΑ
|b ΒΚΠ
|b ΒΣ1
|k ΑΣΧΕ
|h 363.73 ΕΛΛ
|m 10301
|p 025000004537
|t 1
|3 τ.4
|
| 852 |
|
|
|a GR-PaULI
|b ΠΑΤΡΑ
|b ΒΚΠ
|b ΒΣ1
|k ΑΣΧΕ
|h 363.73 ΕΛΛ
|m 10281
|p 025000093121
|t 1
|3 τ.3
|
| 852 |
|
|
|a GR-PaULI
|b ΠΑΤΡΑ
|b ΒΚΠ
|b ΒΣ1
|k ΑΣΧΕ
|h 363.73 ΕΛΛ
|m 10277
|p 025000233247
|t 1
|3 τ.2
|
| 942 |
|
|
|2 ddc
|c BK15
|
| 998 |
|
|
|c ΑΒΑΚΟΜΙΔΗ
|d 2002-03
|
| 998 |
|
|
|c ΔΡΑΚΟΠΟΥΛΟΥ
|d 2002-03
|
| 999 |
|
|
|c 20285
|d 20285
|